000 01282nam a2200325Ia 4500
001 ebr10676973
003 CaPaEBR
006 m u
007 cr cn|||||||||
008 071012s2007 enkab sb 000 0 eng d
010 _z 2007702240
020 _z184718085X
020 _z9781847180858
020 _z9781443804103
040 _aCaPaEBR
_cCaPaEBR
035 _a(OCoLC)666915886
050 1 4 _aCC72.4
_b.E53 2007eb
245 0 0 _aEncounters, materialities, confrontations
_h[electronic resource] :
_barchaeologies of social space and interaction /
_cedited by Per Cornell and Fredrik Fahlander.
260 _aNewcastle, UK :
_bCambridge Scholars Press,
_c2007.
300 _avi, 260 p. :
_bill., maps.
504 _aIncludes bibliographical references.
533 _aElectronic reproduction.
_bPalo Alto, Calif. :
_cebrary,
_d2013.
_nAvailable via World Wide Web.
_nAccess may be limited to ebrary affiliated libraries.
650 0 _aSocial archaeology.
650 0 _aArchaeology and history.
655 7 _aElectronic books.
_2local
700 1 _aCornell, Per.
700 1 _aFahlander, Fredrik.
710 2 _aebrary, Inc.
856 4 0 _uhttp://site.ebrary.com/lib/rucke/Doc?id=10676973
_zAn electronic book accessible through the World Wide Web; click to view
999 _c58740
_d58740